Madrid por Alfonso VI (Record no. 162688)

MARC details
000 -LEADER
campo de control de longitud fija 00616nam a22001695i 4500
001 - NÚMERO DE CONTROL
campo de control 162688
003 - IDENTIFICADOR DE NÚMERO DE CONTROL
campo de control ES-MaACL
005 - FECHA Y HORA DE LA ÚLTIMA TRANSACCIÓN
campo de control 20230906212559.0
008 - DATOS DE LONGITUD FIJA--INFORMACIÓN GENERAL
campo de control de longitud fija 050620s1878 sp | |||||||| ||spa d
040 ## - FUENTE DE CATALOGACIÓN
Centro catalogador/agencia de origen CAM
Lengua de catalogación spa
Centro/agencia transcriptor CAM
100 1# - ENTRADA PRINCIPAL--NOMBRE DE PERSONA
Nombre de persona Puerta Vizcaíno, Juan de la.
9 (RLIN) 131405
245 10 - MENCIÓN DEL TÍTULO
Título Madrid por Alfonso VI
Resto del título : leyenda histórica /
Mención de responsabilidad, etc. por Juan de la Puerta Vizcaíno.
260 ## - PUBLICACIÓN, DISTRIBUCIÓN, ETC.
Lugar de publicación, distribución, etc. Pozuelo de Alarcón (Madrid) :
Nombre del editor, distribuidor, etc. [s.n.],
Fecha de publicación, distribución, etc. 1878.
300 ## - DESCRIPCIÓN FÍSICA
Extensión [10] p. ;
Dimensiones 42 cm.
597 ## - NOTA DE DESCRIPCIÓN FÍSICA
NOTA DE DESCRIPCIÓN FÍSICA Port. a dos tintas y texto en letra gótica a dos col.
852 ## - LOCALIZACIÓN
Ubicación ES-MaACL
Número de control de estantería T-770-F-13
Nota libre -- Enc. hol.
-- -- Enc. en un vol. facticio
Holdings
Estatus retirado Estado de pérdida Estado de daño No para préstamo Colección Biblioteca de origen Biblioteca actual Ubicación en estantería Fecha de adquisición Total de préstamos Signatura topográfica completa Código de barras Visto por última vez Precio de reemplazo Tipo de ítem Koha
        Colección de folletos Biblioteca del Ateneo de Madrid Biblioteca del Ateneo de Madrid Depósito folletos 17/01/2008   T-770-F-13 1170443 23/02/2023 23/02/2023 Folleto